[Event "Lipetsk op"]
[Site "Lipetsk"]
[Date "2010.06.29"]
[Round "7"]
[White "Konovalov, Sergey"]
[Black "Demidov, Vyacheslav"]
[Result "0-1"]
[WhiteElo "2028"]
[BlackElo "2183"]
[PlyCount "54"]
[EventDate "2010.06.23"]
[EventType "swiss"]
[EventRounds "9"]
[EventCountry "RUS"]
[SourceTitle "CBM 137 Extra"]
[Source "ChessBase"]
[SourceDate "2010.09.01"]
[SourceVersion "1"]
[SourceVersionDate "2010.09.01"]
[SourceQuality "1"]

1. e4 e5 2. Nf3 Nc6 3. d4 exd4 4. Nxd4 d6 5. Be3 Nf6 6. Nc3 Be7 7. Bb5 Bd7 8. 0-0 0-0 9. Bxc6 bxc6 10. Re1 Re8 11. h3 Bf8 12. Bf4 g6 13. e5 Nh5 14. Bh2 d5 15. Nce2 c5 16. Nf3 Bc6 17. Nf4 Nxf4 18. Bxf4 Bg7 19. Qe2 Qd7 20. Rad1 Rad8 21. c3 Qf5 22. Bh2 f6 23. Qa6 Ba8 24. exf6 Qxf6 25. Rxe8+ Rxe8 26. Qxf6 Bxf6 27. Rxd5 Bxd5 0-1